|
|
|
|
| LEADER |
00000ntm a22000007u 4500 |
| 001 |
zp47665 |
| 041 |
|
|
|a cze
|
| 100 |
1 |
|
|a Šenkyřík, Lubomír
|4 dis
|
| 245 |
1 |
0 |
|a Analýza konkurenčního prostředí firmy Saker, s.r.o.
|
| 246 |
|
|
|a Competitive Environment Analysis of Company Saker, Ltd
|
| 260 |
|
|
|c 2017
|
| 300 |
|
|
|a 72 s. (91 296 znaků)
|
| 500 |
|
|
|a Studijní obor: Marketing
|
| 500 |
|
|
|a Studijní obor: Marketing
|
| 500 |
|
|
|a Ústav: Vyšší odborná škola ekonomická
|
| 500 |
|
|
|a Univerzita Tomáše Bati ve Zlíně. Fakulta managementu a ekonomiky
|
| 500 |
|
|
|a Tomas Bata University in Zlín. Faculty of Management and Economics
|
| 506 |
|
|
|a Bez omezení
|
| 653 |
|
|
|a konkurence
|
| 653 |
|
|
|a konkurenceschopnost
|
| 653 |
|
|
|a konkurenční prostředí
|
| 653 |
|
|
|a SWOT analýza
|
| 653 |
|
|
|a Porterův model pěti sil
|
| 653 |
|
|
|a recyklace a zpracování barevných kovů
|
| 653 |
|
|
|a competition
|
| 653 |
|
|
|a competitiveness
|
| 653 |
|
|
|a competitive environment
|
| 653 |
|
|
|a SWOT analysis
|
| 653 |
|
|
|a Porter's five forces model
|
| 653 |
|
|
|a recyclation and colour metals processing
|
| 655 |
|
4 |
|a bakalářská práce
|
| 700 |
1 |
|
|a Škrabal, Jakub
|4 ths
|
| 710 |
2 |
|
|a Univerzita Tomáše Bati ve Zlíně. Fakulta managementu a ekonomiky
|4 dgg
|
| 710 |
2 |
|
|a Tomas Bata University in Zlín. Faculty of Management and Economics
|4 dgg
|
| 856 |
4 |
0 |
|u http://hdl.handle.net/10563/41492
|y Plný text v Digitální knihovně UTB
|